Estatísticas para Bandeiras de Províncias do Canadá

Clique aqui para jogar o quiz

Estatísticas Gerais

  • Esse quiz foi jogado 37 vezes
  • A pontuação média é 6 de 13

Estatísticas das Respostas

Resposta% Correto
Quebec
89%
Ontário
63%
Colúmbia Britânica
58%
Nova Escócia
53%
Alberta
47%
Nunavut
47%
Ilha do Príncipe Eduardo
37%
Terra Nova e Labrador
37%
Yukon
37%
Manitoba
32%
Saskatchewan
32%
Territórios do Noroeste
32%
Novo Brunswick
5%

Distribuição das Pontuações

Percentil de Números Respondidos

Porcentagem de Pessoas com Cada Pontuação

Sua Pontuação Histórica

Você não jogou esse quiz